MARC

Tag First Indicator Second Indicator Subfields
LEADER 00000cam a2200000 4500
001 in00000060349
005 20151007082540.0
008 720920s1948 eng u
010 |a  48000869  
035 |a (OCoLC)00410934 
035 |9 AAF8046AM 
040 |c WSU  |d TXA  |d UtOrBLW 
049 |a TXAM  |c [153373] 
050 0 |a DS740.5.G5  |b P4 
092 |a 327.51  |b P381o 
100 1 |a Pelcovits, Nathan A.  |q (Nathan Albert),  |d 1912-1997. 
245 1 0 |a Old China hands and the Foreign Office. 
264 1 |a New York :  |b Pub. under the auspices of American Institute of Pacific Relations by the King's Crown Press,  |c 1948. 
300 |a 349 pages 
336 |a text  |b txt  |2 rdacontent 
337 |a unmediated  |b n  |2 rdamedia 
338 |a volume  |b nc  |2 rdacarrier 
504 |a Bibliography: pages [338]-342. 
610 2 0 |a China Association, London. 
650 0 |a Merchants  |z Great Britain. 
651 0 |a Great Britain  |x Foreign relations  |z China. 
651 0 |a China  |x Foreign relations  |z Great Britain. 
999 |a MARS 
999 f f |s 49669acc-1f02-37a3-ac25-de2761d71b17  |i 4df0f0e2-07b0-3ab0-bcad-e8d80388a7d4  |t 0 
952 f f |p ric  |a Texas A&M University  |b Rellis Campus  |c Joint Library Facility  |d Remote Storage  |t 0  |e DS740.5.G5 P4  |h Library of Congress classification  |i unmediated -- volume  |m A14800676280 
998 f f |a DS740.5.G5 P4  |t 0  |l Remote Storage